000 00512nam a2200181Ia 4500
001 19993
005 20260306172733.0
008 260306t2025||||xx |||||||||||||| ||spa||
041 _aESP
082 _a342.1
_bN86 T. 3
100 _aNovak Talavera, Fabián,
_eAUT
245 0 _aDerecho internacional público :
_bsujetos de derecho internacional y solución pacífica de controversias
260 _c2025
300 _a674 páginas :
_c23 cm.
650 _aGEN
654 _aCDE
942 _cLIB
_dJUS
_fJUS
_2ddc
_n
999 _c19993
_d19993